MDQL
is popping MORE tags! Check the
thread
!
Quizzes
Events
Quiz Creation
Community
Videos
Private Events
Remove Ads
Sign In
Join for FREE
Feedback
Dark Mode
Quiz Categories
Sports
Geography
Music
Movies
Television
Just For Fun
Miscellaneous
History
Literature
Language
Science
Gaming
Entertainment
Religion
Holiday
For Kids
Quiz Lab
Recent
Popular Today
Quiz Kudos Today
Editor Picks
Curator Picks
Quizzes by...
Day
Popularity
Type
Ratings
Length
Year
Community
Subscriptions
Recent Discussions
Orange Saloon
Badges
Playlists
Quests
Create
Leaderboards
Showdown
Live 5
Trivia Bingo
Activity
Puzzle Library
Sporcle Events
Private Events
Virtual Trivia
Globe League
Become a Host
Pub Owners
SporcleCon
Opinionation
Our Games
Videos
Blog
Mobile Apps
Partnerships
Remove Ads and Go Orange
Feedback
Literature
Harry Potter
A Song of Ice and Fire
The Hunger Games
Literary Character
Shakespeare
Book
Author
Novel
Poem
Young Adult
Children's Books
Play
Lord of the Rings
Literature
Harry Potter
A Song of Ice and Fire
The Hunger Games
Literary Character
Shakespeare
Book
Author
Novel
Poem
Young Adult
Children's Books
Play
Lord of the Rings
Random Quiz
Search Sporcle
×
Quiz Lab
Quiz Lab
Literature
Harry Potter
Type in answers that appear in a list
Type in answers that appear in a list
Classic
Best Score? Go Orange.
Harry Potter First 300 Words: Book 1, Chapter 5 Stats
Can you name the first 300 words of Harry Potter and the Sorcerer's Stone, Chapter 5: Diagon Alley?
By
FalconBirch
20m
300 Questions
1,105 Plays
1,105 Plays
1,105 Plays
Comments
Comments
Give Quiz Kudos
Give Quiz Kudos
-
- Ratings
hide this ad
More Info
Replay
Link that replays current quiz
Next Quiz
Link to next quiz in quiz playlist
You Got
0%
They Got
Avg Score
70%
Avg Friend Score
Upgrade to see
Score Distribution
Jump to the score distribution portion of the page
Score
0/300
Timer
20:00
0
Plays Today
% Correct
Harry
98.7%
Harry
98.7%
Harry
98.7%
Harry
98.7%
Harry
98.7%
Harry
98.7%
Harry
98.7%
Harry
98.7%
a
98.6%
a
98.6%
a
98.6%
a
98.6%
a
98.6%
a
98.6%
a
98.6%
a
98.6%
the
98.2%
the
98.2%
The
98.2%
the
98.2%
the
98.2%
the
98.2%
the
98.2%
The
98.2%
the
98.2%
The
98.2%
the
98.2%
the
98.2%
the
98.2%
the
98.2%
the
98.2%
the
98.2%
the
98.2%
'The
98.2%
he
95.4%
he
95.4%
he
95.4%
he
95.4%
He
95.4%
he
95.4%
He
95.4%
'He
95.4%
Hagrid
95.1%
Hagrid
95.1%
Hagrid
95.1%
Hagrid's
95.1%
'Hagrid!'
95.1%
Hagrid
95.1%
Hagrid
95.1%
to
94.7%
to
94.7%
to
94.7%
to
94.7%
to
94.7%
to
94.7%
to
94.7%
'I
94.4%
I
94.4%
I
94.4%
an
93.8%
an
93.8%
was
93.5%
was
93.5%
was
93.5%
was
93.5%
was
93.5%
was
93.5%
was
93.5%
was
93.5%
was
93.5%
in
91.2%
And
91.2%
and
91.2%
and
91.2%
in
91.2%
and
91.2%
in
91.2%
and
91.2%
and
91.2%
and
91.2%
in
91.2%
said
90.9%
said
90.9%
it
90.8%
'It
90.8%
It
90.8%
it
90.8%
it
90.8%
be
90.6%
be
90.6%
on
89.4%
on
89.4%
on
89.4%
on
89.4%
on
89.4%
his
88.3%
his
88.3%
his
88.3%
his
88.3%
do
87.7%
% Correct
fer
87.1%
for
87.1%
him.
86.8%
him.
86.8%
him
86.8%
him,'
86.8%
him
86.8%
of
86%
so
86%
of
86%
of
86%
of
86%
of
86%
of
86%
of
86%
There
85.9%
there
85.9%
up,'
84.5%
up
84.5%
up.
84.5%
had
83.4%
owl
83.4%
owl
83.4%
owl
83.4%
owl
83.4%
owl-'
83.4%
as
83.3%
me
83.2%
When
82.3%
that.'
81.6%
at
79.7%
at
79.7%
my
79.5%
my
79.5%
dream,'
79.4%
dream.
79.4%
But
78.9%
but
78.9%
but
78.9%
eyes
77.7%
eyes
77.7%
eyes.
77.7%
could
77.6%
open
77.6%
open
77.6%
open.
77.6%
Look
77.5%
school
77.4%
going
77.3%
though
77.2%
its
76.3%
its
76.3%
its
76.3%
woke
76.2%
been
76.1%
wizards.
75.1%
came
74.6%
'All
74.6%
window,
74.3%
window
74.3%
didn't
74.1%
didn't
74.1%
next
73.6%
who
73.4%
morning.
73.2%
tell
73%
tell
73%
giant
72.8%
told
71.7%
door,
70.9%
then
70.6%
over,
70.1%
'Don't
70.1%
called
70%
thought,
70%
himself
69.6%
himself
69.6%
'What?'
69.1%
'I'm
68.5%
Petunia
67.8%
I'll
67.7%
went
67.4%
Aunt
67.3%
off
66.9%
early
66.2%
there's
66.1%
'There's
66.1%
coat
65.9%
coat.
65.9%
coat.
65.9%
coat
65.9%
out
65.7%
out
65.7%
'Pay
65.5%
cupboard.'
65%
beak.
63.9%
beak
63.9%
right,'
63.8%
still
63.4%
dreamed
63.2%
% Correct
good
62.7%
home
61.2%
wants
60.9%
knocking
60%
wake
60%
little
60%
sat
59.5%
paper.
59.5%
shut
59.4%
nothing
58.9%
such
58.5%
kept
58.4%
Hagrid's
58.4%
Hagrid's
58.4%
sofa,
58.3%
sofa.
58.3%
noise.
58.2%
made
58.1%
Tap.
57.6%
Tap.
57.6%
Tap.
57.6%
pockets.'
57.6%
pockets-
57.6%
'Give
57.5%
ones.'
57.5%
knuts,'
56.6%
'Knuts?'
56.6%
loud
56.4%
newspaper
55.8%
newspaper
55.8%
top
55.8%
bronze
55.1%
getting
54.8%
seemed
54.3%
fell
53.3%
five
53.3%
coins.
51.7%
tapping
50.7%
floor
48.9%
payin'
48.7%
tight.
48.6%
asleep
48.5%
dropped
48.3%
deliverin'
47.4%
tried
47.2%
large
46.3%
felt
46.2%
pulled
46.1%
looking
45.8%
into
45.6%
held
44.5%
suddenly
44%
Although
43.6%
inside
43.4%
full
42.9%
way,
42.5%
feet,
41.4%
storm
40.4%
strange-
40%
began
39.1%
hut
37.7%
claw
36.2%
heart
34.7%
happy
33.6%
sleepily.
33.3%
handful
31.9%
onto
31.9%
daylight,
31.8%
attack
31.6%
rapping
31.4%
snapped
29.7%
sunlight,
29.5%
sinking.
29%
firmly.
28.7%
heavy
28.4%
balloon
27.8%
mumbled,
27%
loudly.
27%
swooped
26.8%
finally,
23.1%
carried
22.7%
grunted
22.7%
keys,
21.2%
string,
20.6%
swelling
18.5%
straight
16.7%
collapsed
15.8%
fluttered
15.8%
wave
14.9%
slug
14.8%
balls
14.5%
pellets,
14.4%
bunches
14.1%
humbugs,
13.1%
fiercely
12.2%
teabags...
11.9%
scrambled
11.8%
savaging
11.5%
peppermint
10.8%
jerked
10.4%
Quiz Playlist
Details
Report
Send in Message
Add To Playlist
More Info:
Harry Potter First 300 Words: Book 1, Chapter 5
Classic:
Type in answers that appear in a list
Last Updated: Apr 29, 2017
Quiz Scoreboard
CHALLENGE
Sign Up to Join the Scoreboard
Show All
Scores
Hide
Comments
May contain spoilers
Recently Published
Find the 'City' Movie
by crazypaving
Movies
60s
5x2 Blitz: Bands
by SL_Kpop136
Music
30s
Colored Red Africa Blitz
by spor1
Geography
30s
More to Explore
Quiz From the Vault
Featured Blog Post
14 Easter Pick-up Lines to Find Eggs With
hide this ad
You Might Also Like...
Tags
Harry Potter Quiz
Today's Top Quizzes in Literature
Browse Literature
hide this ad
Today's Top Quizzes in Harry Potter
Browse Harry Potter
Top Contributed Quizzes in Literature
1
Sneaky Slytherin Logic Puzzle
2
Harry Potter Slytherin Logic Puzzle
3
Get The Picture: Black or White Literature
4
A Song of Ice and Fire Logic Puzzle
5
Logic Puzzle: Avoid Dumbledore's Army
6
Mini Trivia Sudoku: A Song of Ice and Fire
7
'Middle' Earth
8
Quick Pick: Easter in Book Titles
9
Books By Opening Lines IV
10
The Hunger Games Logic Puzzle: Find Katniss
Explore More
Trending Topics
Kpop
Marvel
Harry Potter
Crossword
NBA
Disney
Anime
WWE
Soccer
Puzzle
The Office
Song
Country
Pokémon
NFL
hide this ad
More By:
FalconBirch
Quiz
Plays
Rating
Category
Featured
Created
Harry Potter First 300 Words: Book 1, Chapter 5
1,105
4.67
Literature
Aug 5, 2016
Harry Potter First 75 Words: Book 1, Chapter 1
323
5.00
Literature
Aug 1, 2016
Harry Potter | Secret Passage I
317
5.00
Literature
Feb 12, 2017
Harry Potter | Secret Passage II
260
5.00
Literature
Feb 12, 2017
Go to Creator's Profile
Score Distribution
Quiz Creator Spotlight
FalconBirch
Follow
Send a Message
Quizzes Created
-
Created Quiz Play Count
-
More By This Creator
Popular Quizzes Today
1
Colored Red Africa Blitz
2
Find the 'City' Movie
3
Find the US States - No Outlines Minefield
4
5x2 Blitz: Bands
5
The Countries of the World
6
Find the US States
7
US States
8
Find the Countries of Europe - No Outlines Minefield
More Literature Quizzes
Weasleys' Wizard Wheezes Products
Published
Trending Quizzes
Colored Red Europe Blitz I
Colored Red Africa Blitz II
Colored Red Europe Blitz II
Colored Red Europe Blitz III
Colored Red Africa Blitz III
Recently Updated
How Do You Spell That?
pecheneg
Godzilla Movies
pecheneg
Grab Bag: 4-10 Letters
pecheneg
2024 March Madness Bracket
pecheneg
Famous TV Couples
Peacemaker
Champions League XIs: Real Madrid
pecheneg
Largest US Cities 1790-2010
pecheneg
Rides in Walt Disney World
pecheneg
Most Oscar Losses (Acting)
pecheneg
Beyoncé Albums
pecheneg
Trending Topics
Crossword
Anime
Harry Potter
NBA
Marvel
Disney
Kpop
Country
Song
Puzzle
The Office
NFL
Pokémon
Soccer
WWE
Your Account Isn't Verified!
In order to create a playlist on Sporcle, you need to verify the email address you used during registration. Go to your
Sporcle Settings
to finish the process.
Report this User
Report this user for behavior that violates our
Community Guidelines
.
Details:
Send Report
Go to the Sporcle.com Mobile Site →
Comments